Statistics for Most Populated City in Each Country

Click here to take the quiz!

General Stats

  • This quiz has been taken 42 times
  • The average score is 142 of 195

Answer Stats

CountryPopulationCity% Correct
Egypt21,500,000Cairo
100%
Spain6,700,000Madrid
100%
Mexico24,500,000Mexico City
100%
Russia17,400,000Moscow
100%
United States21,800,000New York City
100%
France11,400,000Paris
100%
South Korea25,000,000Seoul
100%
Japan40,500,000Tokyo
100%
Canada7,650,000Toronto
100%
Thailand19,400,000Bangkok
97%
Colombia9,800,000Bogotá
97%
India31,100,000Delhi
97%
Turkey16,200,000Istanbul
97%
Peru11,100,000Lima
97%
United Kingdom14,800,000London
97%
Chile7,800,000Santiago
97%
Brazil22,600,000São Paulo
97%
Singapore7,900,000Singapore
97%
Hungary2,625,000Budapest
93%
Argentina16,600,000Buenos Aires
93%
Denmark1,690,000Copenhagen
93%
South Africa14,200,000Johannesburg
93%
Philippines26,300,000Manila
93%
Sweden2,250,000Stockholm
93%
Greece3,500,000Athens
90%
Bangladesh20,300,000Dhaka
90%
Cuba2,225,000Havana
90%
Indonesia32,100,000Jakarta
90%
Malaysia9,150,000Kuala Lumpur
90%
Nigeria20,100,000Lagos
90%
Portugal2,500,000Lisbon
90%
Italy6,150,000Milan
90%
Belarus2,025,000Minsk
90%
Norway1,210,000Oslo
90%
Australia5,400,000Sydney
90%
Iran15,500,000Tehran
90%
Iraq7,150,000Baghdad
87%
Belgium2,725,000Brussels
87%
Romania2,200,000Bucharest
87%
United Arab Emirates5,700,000Dubai
87%
China47,600,000Guangzhou
87%
Finland1,320,000Helsinki
87%
Democratic Republic of the Congo13,900,000Kinshasa
87%
Kenya6,100,000Nairobi
87%
North Korea3,320,000Pyongyang
87%
Netherlands3,275,000Rotterdam
87%
Bulgaria1,300,000Sofia
87%
Taiwan9,150,000Taipei
87%
Israel2,725,000Tel-Aviv
87%
Austria2,225,000Vienna
87%
Ethiopia3,900,000Addis Ababa
83%
Algeria4,025,000Algiers
83%
Morocco4,550,000Casablanca
83%
Guatemala3,200,000Guatemala City
83%
Afghanistan4,475,000Kabul
83%
Sudan6,500,000Khartoum
83%
Ukraine3,475,000Kiev
83%
Kuwait4,500,000Kuwait City
83%
Angola8,450,000Luanda
83%
Uruguay1,870,000Montevideo
83%
Iceland123,000Reykjavik
83%
Vatican City800Vatican City
83%
Poland2,350,000Warsaw
83%
Croatia793,000Zagreb
83%
Venezuela3,775,000Caracas
80%
Tanzania6,450,000Dar Es Salaam
80%
Ireland1,400,000Dublin
80%
Vietnam10,600,000Ho Chi Minh City
80%
Pakistan18,200,000Karachi
80%
Panama1,560,000Panama City
80%
Saudi Arabia8,400,000Riyadh
80%
Bosnia and Herzegovina697,000Sarajevo
80%
Estonia394,000Tallinn
80%
Uzbekistan3,300,000Tashkent
80%
Tunisia2,725,000Tunis
80%
Ivory Coast5,750,000Abidjan
77%
Ghana5,200,000Accra
77%
Jordan5,700,000Amman
77%
Paraguay2,375,000Asunción
77%
New Zealand1,490,000Auckland
77%
Azerbaijan2,625,000Baku
77%
Serbia1,430,000Belgrade
77%
Sri Lanka4,825,000Colombo
77%
Senegal3,925,000Dakar
77%
Syria3,900,000Damascus
77%
Qatar2,300,000Doha
77%
Jamaica938,000Kingston
77%
Saint Vincent and the Grenadines17,000Kingstown
77%
Mozambique2,350,000Maputo
77%
Monaco39,000Monaco
77%
Haiti3,325,000Port-au-Prince
77%
Czech Republic1,460,000Prague
77%
Latvia615,000Riga
77%
Yemen2,900,000Sana'a
77%
El Salvador1,880,000San Salvador
77%
Georgia1,050,000Tbilisi
77%
Albania375,000Tirana
77%
Kazakhstan2,175,000Almaty
73%
Lebanon1,790,000Beirut
73%
Republic of the Congo2,350,000Brazzaville
73%
Moldova636,000Chișinău
73%
Djibouti600,000Djibouti
73%
Sierra Leone1,860,000Freetown
73%
Guyana235,000Georgetown
73%
Zimbabwe2,075,000Harare
73%
Uganda3,675,000Kampala
73%
Nepal3,200,000Kathmandu
73%
Luxembourg77,000Luxembourg
73%
Nicaragua1,350,000Managua
73%
Liberia1,650,000Monrovia
73%
Oman1,330,000Muscat
73%
Cyprus200,000Nicosia
73%
Costa Rica2,375,000San José
73%
Libya1,290,000Tripoli
73%
Mongolia1,430,000Ulaanbaatar
73%
Lithuania539,000Vilnius
73%
Namibia268,000Windhoek
73%
Switzerland1,450,000Zürich
73%
Madagascar2,750,000Antananarivo
70%
Slovakia424,000Bratislava
70%
Somalia2,000,000Mogadishu
70%
Suriname224,000Paramaribo
70%
Kosovo500,000Pristina
70%
Dominican Republic4,000,000Santo Domingo
70%
Laos197,000Vientiane
70%
Myanmar5,750,000Yangon
70%
Armenia1,500,000Yerevan
70%
Andorra20,000Andorra la Vella
67%
Mali3,675,000Bamako
67%
Kyrgyzstan1,120,000Bishkek
67%
Guinea-Bissau388,000Bissau
67%
Guinea2,600,000Conakry
67%
East Timor150,000Dili
67%
Botswana208,000Gaborone
67%
Ecuador3,200,000Guayaquil
67%
Zambia2,800,000Lusaka
67%
Bahamas228,000Nassau
67%
Chad1,610,000N'Djamena
67%
Cambodia2,575,000Phnom Penh
67%
Mauritius155,000Port Louis
67%
Papua New Guinea284,000Port Moresby
67%
São Tomé and Príncipe53,000São Tomé
67%
North Macedonia507,000Skopje
67%
Samoa40,000Apia
63%
Turkmenistan1,440,000Ashgabat
63%
Eritrea963,000Asmara
63%
Belize60,000Belize City
63%
South Sudan526,000Juba
63%
Rwanda1,230,000Kigali
63%
Gabon578,000Libreville
63%
Malawi1,090,000Lilongwe
63%
Slovenia272,000Ljubljana
63%
Togo2,175,000Lomé
63%
Maldives143,000Malé
63%
Bahrain1,570,000Manama
63%
Niger774,000Niamey
63%
Mauritania1,310,000Nouakchott
63%
Montenegro156,000Podgorica
63%
Cameroon3,500,000Yaoundé
63%
Central African Republic1,230,000Bangui
60%
Barbados96,000Bridgetown
60%
Cape Verde113,000Praia
60%
Fiji77,000Suva
60%
Bhutan115,000Thimphu
60%
Seychelles23,000Victoria
60%
Gambia1,010,000Banjul
57%
Burundi1,124,000Bujumbura
57%
Tajikistan1,030,000Dushanbe
57%
Burkina Faso2,650,000Ouagadougou
57%
Antigua and Barbuda24,000Saint John's
57%
Lesotho118,000Maseru
53%
Liechtenstein5,700Schaan
53%
Brunei64,000Bandar Seri Begawan
50%
Saint Kitts and Nevis14,000Basseterre
50%
Solomon Islands56,000Honiara
50%
Comoros43,000Moroni
50%
Dominica17,000Roseau
50%
Grenada7,500Saint George's
50%
Bolivia2,175,000Santa Cruz
50%
Kiribati40,000Tarawa
50%
Nauru1,100Yaren
50%
Saint Lucia20,000Castries
43%
Benin1,890,000Cotonou
43%
Vanuatu36,000Port Vila
43%
Marshall Islands25,000Majuro
40%
Tonga22,000Nuku'alofa
40%
Tuvalu4,500Funafuti
37%
Honduras1,230,000San Pedro Sula
30%
Equatorial Guinea435,000Bata
20%
Eswatini111,000Manzini
17%
Palau14,000Koror
13%
San Marino9,200Serravalle
13%
Federated States of Micronesia14,000Weno
10%
Malta22,000Birkirkara
7%
Trinidad and Tobago102,000Chaguanas
7%

Score Distribution

Percentile by Number Answered

Percent of People with Each Score

Your Score History

You have not taken this quiz